| 000 | 00654nam a2200229Ia 4500 | ||
|---|---|---|---|
| 005 | 20260415173415.0 | ||
| 008 | 008 250505s9999 xx 000 0 eng d | ||
| 020 | _a978-1-138-69493-4 | ||
| 037 | _aTextBook | ||
| 040 |
_aFEDL _beng _cFEDL |
||
| 041 |
_aeng _2eng |
||
| 084 |
_a824 BRO/R _qFEDL |
||
| 100 |
_aBrooker Peter Ed. _928785 |
||
| 245 | 0 | _aPractical reader in contemporary literacy theory | |
| 260 |
_aLondon, UK _bRoutledge _c1996 |
||
| 300 | _a498p. | ||
| 365 |
_aINR _b25 |
||
| 546 | _aReprint, 2023 | ||
| 700 |
_a Widdowson Peter Ed. _9783694 |
||
| 942 |
_cTB _h824 BRO/R |
||
| 999 |
_c1400125 _d1400125 |
||